000 00474nam a2200181Ia 4500
005 20240823060915.0
008 240823s9999||||xx |||||||||||||| ||und||
041 _aENGLISH
082 _A658.3 P8
100 _aRichard Regis
245 0 _aStrategic Human Resource Management and Development
250 _a1st
260 _c2008
_bExcel
_aNew Delhi
500 _aTRANSFERED
650 _aHuman Resource Management
_bManagement Studies
942 _cBK
999 _c232253
_d232253